Sorciers, magiciens et mages de fiction - Statistiques

Statistiques générales
  • Ce quiz a été pris 44 fois
  • Le résultat moyen est 9 sur 30
Statistiques - réponses
Sorcier/Magicien/Mage de fiction Univers % Correct
Albus Dumbledore Harry Potter
100%
Jafar Aladdin
92%
Gandalf Le Seigneur des Anneaux
92%
Norbert Dragonneau Les Animaux Fantastiques
84%
Gargamel Les Schtroumpfs
84%
Doctor Strange Marvel
73%
Docteur Facilier La Princesse et la Grenouille
49%
Merlin Légende du Roi Arthur
49%
Natsu Dragnir Fairy Tail
46%
Babidi Dragon Ball Z
35%
Alucard Castlevania
27%
Vaati The Legend of Zelda
22%
Skeletor Les Maîtres de l'univers
19%
Magnifico Wish
19%
Brom Eragon
16%
Yen Sid Fantasia
14%
Darkhell Les Légendaires
14%
Jerry Russo Les Sorciers de Waverly Place
14%
Hauru Le Château Ambulant
11%
Rincevent Les Annales du Disque Monde
11%
Quan Chi Mortal Kombat
8%
Oscar Diggs Le Magicien d'Oz
5%
Coriakin Le Monde de Narnia
5%
Jonathan Levinson Buffy contre les vampires
3%
Balthazar Blake L'Apprenti sorcier
3%
Nereus Le Cycle des Magiciens
3%
Finn Ames Mashle
3%
Simon Aumar Donjons et Dragons
0%
Macht Frieren
0%
Raistlin Majere Lancedragon
0%
Aucun quiz correspondant
Distribution des résultats
% des personnes avec chaque résultat
Percentile par nombre de réponses
Votre historique - résultats
Vous n’avez pas pris ce quiz